[Event "Khanty-Mansiysk Governor Cup 6th"]
[Site "Khanty-Mansiysk"]
[Date "2010.09.17"]
[Round "1"]
[White "Kononenko, Igor"]
[Black "Prokopchuk, Evgeny"]
[Result "0-1"]
[WhiteElo "2048"]
[BlackElo "2511"]
[PlyCount "100"]
[EventDate "2010.09.17"]
[EventType "swiss"]
[EventRounds "10"]
[EventCountry "RUS"]
[SourceTitle "CBM 138 Extra"]
[Source "ChessBase"]
[SourceDate "2010.10.29"]
[SourceVersion "1"]
[SourceVersionDate "2010.10.29"]
[SourceQuality "1"]

1. d4 g6 2. e4 Bg7 3. c3 d6 4. Be3 Nf6 5. f3 0-0 6. g4 e5 7. dxe5 dxe5 8. Qxd8 Rxd8 9. Nd2 Be6 10. h4 a5 11. a4 Na6 12. h5 Nd7 13. hxg6 hxg6 14. Ne2 Bf8 15. Nc1 Bc5 16. Kf2 Kg7 17. Ncb3 Bxe3+ 18. Kxe3 b6 19. Bb5 Ndc5 20. Nc1 f6 21. Rb1 Bf7 22. b4 axb4 23. cxb4 Ne6 24. Bc6 Ra7 25. Nd3 Nf4 26. Nxf4 exf4+ 27. Ke2 Rd4 28. Bb5 Nxb4 29. Rbc1 c5 30. Rh2 Na2 31. Rc2 Ra8 32. Rh1 Rad8 33. Ra1 Nc3+ 34. Ke1 Nxb5 35. axb5 Rb4 36. Ra7 Rxb5 37. e5 fxe5 38. Nc4 Rb1+ 39. Kf2 Rh8 40. Ke2 Kf6 41. Nd2 Rb4 42. Ne4+ Rxe4+ 43. fxe4 Be6 44. Kf3 Rh3+ 45. Kg2 Bxg4 46. Rb7 Rb3 47. Rd2 Bf3+ 48. Kf2 Bxe4 49. Rd6+ Kf5 50. Rbxb6 Rxb6 0-1

[Event "CZE-chT rap"]
[Site "Pardubice"]
[Date "2010.07.18"]
[Round "6.3"]
[White "Prokopchuk, Evgeny"]
[Black "Biolek, Richard Jr"]
[Result "1-0"]
[WhiteElo "2511"]
[BlackElo "2407"]
[PlyCount "89"]
[EventDate "2010.07.15"]
[EventType "team-swiss"]
[EventRounds "7"]
[EventCountry "CZE"]
[SourceTitle "CBM 137 Extra"]
[Source "ChessBase"]
[SourceDate "2010.09.01"]
[SourceVersion "1"]
[SourceVersionDate "2010.09.01"]
[SourceQuality "1"]

1. e4 e5 2. Nf3 Nc6 3. Bc4 Nf6 4. d3 Be7 5. 0-0 0-0 6. Re1 d6 7. a4 h6 8. c3 Nh7 9. Nbd2 Ng5 10. Nf1 Bg4 11. Bxg5 Bxg5 12. h3 Bxf3 13. Qxf3 Qf6 14. Qg4 g6 15. a5 h5 16. Qe2 Nd8 17. b4 Ne6 18. b5 b6 19. g3 Nc5 20. h4 Bh6 21. Ne3 Bxe3 22. fxe3 Kh8 23. axb6 cxb6 24. Bd5 a5 25. d4 Nd7 26. Bxa8 Rxa8 27. Rf1 Qe7 28. Qc4 Rf8 29. Ra2 exd4 30. exd4 Nf6 31. Raf2 d5 32. exd5 Qe3 33. Qe2 Qxg3+ 34. Rg2 Qd6 35. Qe5 Qxe5 36. dxe5 Nxd5 37. Rxg6 Nxc3 38. e6 Kh7 39. Rxf7+ Kxg6 40. Rxf8 Nd5 41. Rd8 Nc7 42. Rb8 a4 43. e7 Kf7 44. e8Q+ Nxe8 45. Rxb6 1-0

[Event "Moscow op 03rd"]
[Site "Moscow"]
[Date "2007.02.03"]
[Round "8"]
[White "Ovod, Evgenija"]
[Black "Prokopchuk, Evgeny"]
[Result "0-1"]
[WhiteElo "2410"]
[BlackElo "2516"]
[PlyCount "102"]
[EventDate "2007.01.27"]
[EventType "swiss"]
[EventRounds "9"]
[EventCountry "RUS"]
[SourceTitle "CBM 116 Extra"]
[Source "ChessBase"]
[SourceDate "2007.03.07"]
[SourceVersion "1"]
[SourceVersionDate "2007.03.07"]
[SourceQuality "1"]

1. d4 g6 2. e4 Bg7 3. Nf3 d6 4. Bc4 c6 5. 0-0 d5 6. Bb3 Bg4 7. h3 Bxf3 8. Qxf3 e6 9. Nc3 Nf6 10. Be3 dxe4 11. Nxe4 Nxe4 12. Qxe4 Nd7 13. Rad1 Nf6 14. Qd3 Nd5 15. c4 Nxe3 16. fxe3 0-0 17. c5 Qg5 18. Rf3 Rad8 19. Rdf1 Qe7 20. Qe4 Kh8 21. g4 Rde8 22. Qc2 f5 23. gxf5 exf5 24. d5 Qg5+ 25. Qg2 Qxg2+ 26. Kxg2 Bxb2 27. Ba4 Re4 28. Bc2 Rc4 29. Bd3 Rxc5 30. dxc6 bxc6 31. e4 f4 32. Rxf4 Rxf4 33. Rxf4 Kg7 34. Kf2 Be5 35. Rf3 Rc3 36. Ke2 c5 37. Bb5 Rxf3 38. Kxf3 Kf6 39. Bc4 h5 40. Ke3 Bd6 41. Be2 Kg5 42. Kd3 Kh4 43. Bf1 g5 44. Kc4 g4 45. Kd5 Bf8 46. hxg4 hxg4 47. e5 Kg3 48. Ke6 Kf4 49. Kf7 Kxe5 50. Kxf8 g3 51. Kf7 c4 0-1

[Event "Moscow op 03rd"]
[Site "Moscow"]
[Date "2007.02.02"]
[Round "7"]
[White "Prokopchuk, Evgeny"]
[Black "Aleksandrov, Aleksej"]
[Result "0-1"]
[WhiteElo "2516"]
[BlackElo "2601"]
[PlyCount "56"]
[EventDate "2007.01.27"]
[EventType "swiss"]
[EventRounds "9"]
[EventCountry "RUS"]
[SourceTitle "CBM 116 Extra"]
[Source "ChessBase"]
[SourceDate "2007.03.07"]
[SourceVersion "1"]
[SourceVersionDate "2007.03.07"]
[SourceQuality "1"]

1. d4 d5 2. c4 e6 3. Nc3 Bb4 4. cxd5 exd5 5. Nf3 c6 6. Bg5 Ne7 7. e3 h6 8. Bh4 Qa5 9. Qb3 Nf5 10. Bg3 Nxg3 11. hxg3 Nd7 12. Bd3 Nf6 13. a3 Bd6 14. Qc2 0-0 15. Nh4 Re8 16. Nf5 Bf8 17. Kf1 Bd7 18. Rd1 Qd8 19. Qe2 h5 20. Nh4 g6 21. Qc2 Ng4 22. Nxg6 fxg6 23. Bxg6 Qf6 24. Kg1 Re7 25. Rxh5 Bh6 26. Bf5 Rf8 27. e4 Bxf5 28. Rxf5 Qg6 0-1

[Event "Moscow op 03rd"]
[Site "Moscow"]
[Date "2007.01.30"]
[Round "4"]
[White "Arslanov, Shamil"]
[Black "Prokopchuk, Evgeny"]
[Result "0-1"]
[WhiteElo "2192"]
[BlackElo "2516"]
[PlyCount "76"]
[EventDate "2007.01.27"]
[EventType "swiss"]
[EventRounds "9"]
[EventCountry "RUS"]
[SourceTitle "CBM 116 Extra"]
[Source "ChessBase"]
[SourceDate "2007.03.07"]
[SourceVersion "1"]
[SourceVersionDate "2007.03.07"]
[SourceQuality "1"]

1. e4 d6 2. d4 Nf6 3. Nc3 e5 4. dxe5 dxe5 5. Qxd8+ Kxd8 6. Bg5 Be6 7. 0-0-0+ Nbd7 8. f4 exf4 9. Nf3 Kc8 10. Bxf4 Nh5 11. Be3 Bc5 12. Bxc5 Nxc5 13. Ng5 Re8 14. Nxe6 fxe6 15. Bc4 Nd7 16. Rhf1 Nhf6 17. g4 Ne5 18. g5 Nfd7 19. Bb3 a6 20. a4 Kd8 21. Ne2 Ke7 22. Nf4 Nc5 23. Bxe6 Nxe6 24. Nd5+ Kd6 25. Nb4+ Kc5 26. Rd5+ Kxb4 27. Rxe5 Kxa4 28. b3+ Kb4 29. Kb2 c5 30. Rf7 b6 31. h4 a5 32. h5 a4 33. bxa4 Kxa4 34. h6 gxh6 35. gxh6 Nd4 36. Rxe8 Rxe8 37. c4 Rxe4 38. Kc3 Re3+ 0-1

[Event "Moscow op 03rd"]
[Site "Moscow"]
[Date "2007.01.28"]
[Round "2"]
[White "Repina, Varvara"]
[Black "Prokopchuk, Evgeny"]
[Result "1-0"]
[WhiteElo "2200"]
[BlackElo "2516"]
[PlyCount "77"]
[EventDate "2007.01.27"]
[EventType "swiss"]
[EventRounds "9"]
[EventCountry "RUS"]
[SourceTitle "CBM 116 Extra"]
[Source "ChessBase"]
[SourceDate "2007.03.07"]
[SourceVersion "1"]
[SourceVersionDate "2007.03.07"]
[SourceQuality "1"]

1. e4 c5 2. Nf3 d6 3. d4 cxd4 4. Nxd4 Nf6 5. f3 a6 6. c4 e6 7. Nc3 Be7 8. Be3 0-0 9. Be2 b6 10. 0-0 Bb7 11. Qd2 Nbd7 12. a4 Rb8 13. Rfb1 Qc7 14. b4 Ne5 15. Rc1 Rfc8 16. Nb3 Qd8 17. a5 Nxc4 18. Bxc4 Rxc4 19. Bxb6 Qe8 20. Nd1 Rbc8 21. Rxc4 Rxc4 22. Nb2 Rc8 23. Nd3 e5 24. Re1 Qa4 25. Nbc1 Rc2 26. Qd1 Bc6 27. Bf2 h6 28. Re2 Rc3 29. Qd2 Qa3 30. Be1 Rc4 31. Nb2 Rxc1 32. Qxc1 Bb5 33. Re3 Qa2 34. Nd1 Kh7 35. Nc3 Qc4 36. Bd2 Bc6 37. Qf1 Qd4 38. Qd3 Nh5 39. Nd5 1-0

[Event "Pardubice op-A"]
[Site "Pardubice"]
[Date "2006.07.27"]
[Round "7"]
[White "Klimov, Sergey"]
[Black "Prokopchuk, Evgeny"]
[Result "1-0"]
[WhiteElo "2481"]
[BlackElo "2521"]
[PlyCount "47"]
[EventDate "2006.07.21"]
[EventType "swiss"]
[EventRounds "9"]
[EventCountry "CZE"]
[SourceTitle "CBM 113 Extra"]
[Source "ChessBase"]
[SourceDate "2006.09.14"]
[SourceVersion "1"]
[SourceVersionDate "2006.09.14"]
[SourceQuality "1"]

1. e4 c5 2. Nf3 Nc6 3. d4 cxd4 4. Nxd4 Nf6 5. Nc3 d6 6. Bg5 Bd7 7. Qd2 Rc8 8. f3 a6 9. 0-0-0 e6 10. Kb1 h6 11. Be3 Qc7 12. g4 Ne5 13. h4 b5 14. a3 g6 15. Rg1 Nc4 16. Bxc4 Qxc4 17. Nb3 b4 18. axb4 Qxb4 19. e5 dxe5 20. g5 hxg5 21. Bxg5 Nd5 22. Nxd5 exd5 23. Qxd5 Qb5 24. Nc5 1-0

[Event "Pardubice op-A"]
[Site "Pardubice"]
[Date "2006.07.23"]
[Round "3"]
[White "Ekdyshman, Mikhail"]
[Black "Prokopchuk, Evgeny"]
[Result "1/2-1/2"]
[WhiteElo "2397"]
[BlackElo "2521"]
[PlyCount "61"]
[EventDate "2006.07.21"]
[EventType "swiss"]
[EventRounds "9"]
[EventCountry "CZE"]
[SourceTitle "CBM 113 Extra"]
[Source "ChessBase"]
[SourceDate "2006.09.14"]
[SourceVersion "1"]
[SourceVersionDate "2006.09.14"]
[SourceQuality "1"]

1. e4 c5 2. c3 d5 3. exd5 Qxd5 4. d4 cxd4 5. cxd4 Nc6 6. Nf3 e5 7. Nc3 Bb4 8. Bd2 Bxc3 9. Bxc3 e4 10. Ne5 Nxe5 11. dxe5 Ne7 12. Qa4+ Bd7 13. Qb4 a5 14. Qb6 Bc6 15. Rd1 Qe6 16. Qc5 b6 17. Qxb6 0-0 18. Qd4 Nf5 19. Qc4 Qg6 20. Rd6 Nxd6 21. Qxc6 e3 22. exd6 Qb1+ 23. Ke2 Qc2+ 24. Kxe3 Rae8+ 25. Kf3 Qf5+ 26. Kg3 Qg5+ 27. Kf3 Qf5+ 28. Kg3 Re4 29. f3 Qf4+ 30. Kf2 Qe3+ 31. Kg3 1/2-1/2

[Event "Smith & Williamson YM 13th"]
[Site "Millfield"]
[Date "2003.07.17"]
[Round "9"]
[White "Prokopchuk, Evgeny"]
[Black "Broomfield, Matthew"]
[Result "1/2-1/2"]
[WhiteElo "2504"]
[BlackElo "2249"]
[PlyCount "105"]
[EventDate "2003.07.09"]
[EventType "swiss"]
[EventRounds "9"]
[EventCountry "ENG"]
[SourceTitle "CBM 095 Extra"]
[Source "ChessBase"]
[SourceDate "2003.09.04"]
[SourceVersion "1"]
[SourceVersionDate "2003.09.04"]
[SourceQuality "1"]

1. d4 Nf6 2. c4 e6 3. Nc3 Bb4 4. g3 0-0 5. Bg2 d5 6. Nf3 dxc4 7. 0-0 c5 8. dxc5 Qe7 9. Bg5 Nbd7 10. c6 bxc6 11. Nd4 Bb7 12. Nxc6 Bxc6 13. Bxc6 Rab8 14. Bg2 Rfd8 15. Qc2 h6 16. Bf4 e5 17. Bd2 Nc5 18. Rad1 Ne6 19. e3 Nc5 20. a3 Bxc3 21. Bxc3 Qe6 22. Rxd8+ Rxd8 23. Rd1 Nd3 24. h3 Rb8 25. Kh2 h5 26. Qe2 h4 27. e4 hxg3+ 28. fxg3 Rb3 29. Rd2 Nd7 30. Qe3 Qb6 31. Qg5 N7c5 32. Qe7 Qb8 33. Bb4 Ne6 34. Bd6 Qb6 35. Qe8+ Kh7 36. Be7 Qe3 37. Qxf7 Qxd2 38. Qf5+ Kh8 39. Qxe6 Qf2 40. Qc8+ Kh7 41. Qg4 Qf7 42. Bb4 Nxb4 43. axb4 Qg6 44. Qh4+ Qh6 45. Qg4 Rxb2 46. Qf5+ Qg6 47. Qxe5 Rb3 48. h4 Re3 49. Qf4 Re2 50. Qf3 Rd2 51. e5 Qd3 52. Qh5+ Kg8 53. Qe8+ 1/2-1/2

[Event "RUS Cup final 6th"]
[Site "Nefteyugansk"]
[Date "2002.10.13"]
[Round "10"]
[White "Prokopchuk, Evgeny"]
[Black "Skatchkov, Pavel"]
[Result "0-1"]
[WhiteElo "2513"]
[BlackElo "2471"]
[PlyCount "52"]
[EventDate "2002.10.06"]
[EventType "tourn"]
[EventRounds "11"]
[EventCountry "RUS"]
[EventCategory "11"]
[SourceTitle "CBM 092"]
[Source "ChessBase"]
[SourceDate "2003.02.06"]
[SourceVersion "1"]
[SourceVersionDate "2003.02.06"]
[SourceQuality "1"]

1. c4 e6 2. Nf3 d5 3. e3 Nf6 4. Nc3 c6 5. Qc2 Nbd7 6. b3 Bd6 7. Bb2 0-0 8. Be2 Re8 9. h3 b6 10. g4 e5 11. g5 Ne4 12. cxd5 cxd5 13. Nxe4 dxe4 14. Qxe4 Rb8 15. d4 Bb7 16. Qg4 exd4 17. Qxd4 Ne5 18. 0-0-0 Qc8+ 19. Kb1 Qf5+ 20. Ka1 Bc5 21. Qxe5 Rxe5 22. Nxe5 Bxh1 23. Rxh1 Rd8 24. Bc4 Qc2 25. a4 Ba3 26. Bxf7+ Kh8 0-1

[Event "RUS Cup final 6th"]
[Site "Nefteyugansk"]
[Date "2002.10.12"]
[Round "9"]
[White "Ovetchkin, Roman"]
[Black "Prokopchuk, Evgeny"]
[Result "1-0"]
[WhiteElo "2573"]
[BlackElo "2513"]
[PlyCount "103"]
[EventDate "2002.10.06"]
[EventType "tourn"]
[EventRounds "11"]
[EventCountry "RUS"]
[EventCategory "11"]
[SourceTitle "CBM 092"]
[Source "ChessBase"]
[SourceDate "2003.02.06"]
[SourceVersion "1"]
[SourceVersionDate "2003.02.06"]
[SourceQuality "1"]

1. e4 d6 2. d4 Nf6 3. Nc3 e5 4. Nf3 Nbd7 5. g3 Be7 6. Bg2 0-0 7. 0-0 c6 8. a4 a5 9. h3 Rb8 10. Be3 b5 11. axb5 cxb5 12. Nh4 g6 13. f4 b4 14. Na4 exf4 15. Bxf4 Nh5 16. Nf5 Nxf4 17. Nxe7+ Qxe7 18. gxf4 Ba6 19. Rf2 Nf6 20. e5 Nh5 21. exd6 Qxd6 22. Nc5 Rbd8 23. Qf3 Bc8 24. c3 Qc7 25. Qc6 Qe7 26. Qe4 Qc7 27. Qe5 Qa7 28. Ne4 a4 29. Qc5 Qxc5 30. dxc5 f5 31. Nd6 bxc3 32. Rxa4 cxb2 33. Rxb2 Nf6 34. Kh2 Be6 35. Rb7 Kh8 36. Raa7 Bg8 37. Bf3 Ne4 38. Bxe4 fxe4 39. Kg3 Rf6 40. Re7 Re6 41. Kf2 e3+ 42. Ke2 Rf8 43. Rxe6 Bxe6 44. Kxe3 Bxh3 45. c6 Rb8 46. f5 gxf5 47. Kf4 Rb4+ 48. Ke5 f4 49. Kf6 Rb8 50. Rg7 Be6 51. c7 Rc8 52. Rg1 1-0

[Event "RUS Cup final 6th"]
[Site "Nefteyugansk"]
[Date "2002.10.12"]
[Round "8"]
[White "Prokopchuk, Evgeny"]
[Black "Kazakov, Peter"]
[Result "1-0"]
[WhiteElo "2513"]
[BlackElo "2424"]
[PlyCount "57"]
[EventDate "2002.10.06"]
[EventType "tourn"]
[EventRounds "11"]
[EventCountry "RUS"]
[EventCategory "11"]
[SourceTitle "CBM 092"]
[Source "ChessBase"]
[SourceDate "2003.02.06"]
[SourceVersion "1"]
[SourceVersionDate "2003.02.06"]
[SourceQuality "1"]

1. e4 d6 2. d4 Nf6 3. Nc3 e5 4. dxe5 dxe5 5. Qxd8+ Kxd8 6. Bg5 Be6 7. g3 h6 8. 0-0-0+ Kc8 9. Bxf6 gxf6 10. f4 exf4 11. gxf4 c6 12. Nf3 Kc7 13. f5 Bd7 14. Bc4 Be8 15. e5 fxe5 16. Nxe5 Nd7 17. Nxd7 Bxd7 18. Rhf1 Bd6 19. Bxf7 Bxh2 20. Ne4 Rhf8 21. Bg6 b6 22. f6 Bg4 23. Rde1 Be5 24. f7 Rad8 25. c3 Bh3 26. Rf2 Rh8 27. Kc2 h5 28. Ng5 Bg3 29. Nxh3 1-0

[Event "RUS Cup final 6th"]
[Site "Nefteyugansk"]
[Date "2002.10.10"]
[Round "6"]
[White "Prokopchuk, Evgeny"]
[Black "Pridorozhni, Aleksei"]
[Result "0-1"]
[WhiteElo "2513"]
[BlackElo "2475"]
[PlyCount "56"]
[EventDate "2002.10.06"]
[EventType "tourn"]
[EventRounds "11"]
[EventCountry "RUS"]
[EventCategory "11"]
[SourceTitle "CBM 092"]
[Source "ChessBase"]
[SourceDate "2003.02.06"]
[SourceVersion "1"]
[SourceVersionDate "2003.02.06"]
[SourceQuality "1"]

1. e4 c5 2. Nf3 e6 3. c4 Nc6 4. Nc3 Nd4 5. Nxd4 cxd4 6. Ne2 e5 7. g3 g6 8. Bg2 Bg7 9. 0-0 Ne7 10. b4 0-0 11. d3 d6 12. a4 Be6 13. a5 b5 14. axb6 axb6 15. Rxa8 Qxa8 16. b5 Qa2 17. Bd2 Ra8 18. Bb4 Qb2 19. Qe1 Ra4 20. Bxd6 Nc8 21. Bc7 f6 22. f4 Ra2 23. fxe5 fxe5 24. Bf3 Qa3 25. Bd8 Bh6 26. Qb1 Bh3 27. Rd1 Be3+ 28. Kh1 Qf8 0-1

[Event "RUS Cup final 6th"]
[Site "Nefteyugansk"]
[Date "2002.10.09"]
[Round "5"]
[White "Kornev, Alexei"]
[Black "Prokopchuk, Evgeny"]
[Result "1-0"]
[WhiteElo "2566"]
[BlackElo "2513"]
[PlyCount "63"]
[EventDate "2002.10.06"]
[EventType "tourn"]
[EventRounds "11"]
[EventCountry "RUS"]
[EventCategory "11"]
[SourceTitle "CBM 092"]
[Source "ChessBase"]
[SourceDate "2003.02.06"]
[SourceVersion "1"]
[SourceVersionDate "2003.02.06"]
[SourceQuality "1"]

1. d4 Nf6 2. Bg5 Ne4 3. Bf4 d5 4. e3 c5 5. Bd3 Nc6 6. Bxe4 dxe4 7. d5 Nb4 8. Nc3 Bf5 9. a3 Na6 10. f3 exf3 11. Nxf3 g6 12. e4 Bd7 13. Qd2 h6 14. e5 g5 15. e6 gxf4 16. Qxf4 fxe6 17. Ne5 Qc7 18. d6 exd6 19. Qf7+ Kd8 20. Qf6+ Kc8 21. Qxh8 Qd8 22. Ng6 Kc7 23. 0-0 Be7 24. Qg7 Bg5 25. Rf7 Kc6 26. Rd1 Be3+ 27. Kh1 Bd4 28. Rxd4 cxd4 29. Qxd4 Qg5 30. h4 Qc1+ 31. Kh2 Nc5 32. b4 1-0

[Event "RUS Cup final 6th"]
[Site "Nefteyugansk"]
[Date "2002.10.07"]
[Round "2"]
[White "Prokopchuk, Evgeny"]
[Black "Bocharov, Dmitry"]
[Result "1-0"]
[WhiteElo "2513"]
[BlackElo "2502"]
[PlyCount "77"]
[EventDate "2002.10.06"]
[EventType "tourn"]
[EventRounds "11"]
[EventCountry "RUS"]
[EventCategory "11"]
[SourceTitle "CBM 092"]
[Source "ChessBase"]
[SourceDate "2003.02.06"]
[SourceVersion "1"]
[SourceVersionDate "2003.02.06"]
[SourceQuality "1"]

1. e4 c5 2. Nf3 Nc6 3. Bb5 g6 4. Bxc6 dxc6 5. d3 Bg7 6. h3 Nf6 7. Nc3 0-0 8. Be3 b6 9. Qd2 e5 10. a3 a5 11. 0-0 a4 12. Rae1 Re8 13. Nh2 Nd7 14. f4 exf4 15. Rxf4 Ne5 16. Ref1 Be6 17. R4f2 Qd6 18. Kh1 b5 19. Ne2 Rad8 20. Bg5 Rd7 21. Bf6 b4 22. Bxg7 Kxg7 23. Nf3 Nxf3 24. Rxf3 Kg8 25. Nf4 bxa3 26. bxa3 c4 27. Nh5 gxh5 28. Qg5+ Kf8 29. e5 Qc5 30. Qh6+ Ke7 31. Qf6+ Kf8 32. Rg3 Bd5 33. Qh8+ Ke7 34. Qf6+ Kf8 35. Rg7 Qe3 36. d4 c5 37. Kh2 h4 38. Rf3 Qxd4 39. Rf5 1-0

[Event "Moscow Aeroflot op"]
[Site "Moscow"]
[Date "2002.02.10"]
[Round "9"]
[White "Prokopchuk, Evgeny"]
[Black "Smirin, Ilia"]
[Result "0-1"]
[WhiteElo "2508"]
[BlackElo "2702"]
[PlyCount "39"]
[EventDate "2002.02.04"]
[EventType "swiss"]
[EventRounds "9"]
[EventCountry "RUS"]
[SourceTitle "CBM 088"]
[Source "ChessBase"]
[SourceDate "2002.03.21"]
[SourceVersion "1"]
[SourceVersionDate "2002.03.21"]
[SourceQuality "1"]

1. d4 Nf6 2. Nf3 g6 3. c4 Bg7 4. Nc3 0-0 5. g3 c5 6. Bg2 d6 7. 0-0 Nc6 8. dxc5 dxc5 9. Bf4 Be6 10. Qa4 Nh5 11. Be3 Nd4 12. Ng5 Bd7 13. Qd1 e6 14. Nge4 Qb6 15. g4 Nf6 16. Nxf6+ Bxf6 17. Bh6 Qxb2 18. Bxf8 Qxc3 19. Bxc5 Qxa1 20. Qd2 0-1

[Event "Moscow Aeroflot op"]
[Site "Moscow"]
[Date "2002.02.09"]
[Round "8"]
[White "Dvoirys, Semen I"]
[Black "Prokopchuk, Evgeny"]
[Result "1-0"]
[WhiteElo "2563"]
[BlackElo "2508"]
[PlyCount "77"]
[EventDate "2002.02.04"]
[EventType "swiss"]
[EventRounds "9"]
[EventCountry "RUS"]
[SourceTitle "CBM 088"]
[Source "ChessBase"]
[SourceDate "2002.03.21"]
[SourceVersion "1"]
[SourceVersionDate "2002.03.21"]
[SourceQuality "1"]

1. e4 e5 2. Nf3 Nf6 3. Nxe5 d6 4. Nf3 Nxe4 5. c4 Be7 6. d4 Bg4 7. Be2 0-0 8. 0-0 c6 9. Qb3 Qd7 10. Qc2 f5 11. Nc3 Nxc3 12. bxc3 Na6 13. Rb1 c5 14. Bf4 Rae8 15. Rbd1 g5 16. Bc1 f4 17. dxc5 Nxc5 18. Ba3 Bf5 19. Qb2 b6 20. Nd4 g4 21. Nxf5 Qxf5 22. Rd5 Qg6 23. Bxc5 bxc5 24. Bd3 Qg7 25. Qc2 g3 26. Rh5 h6 27. Bg6 Rd8 28. hxg3 Bg5 29. gxf4 Rxf4 30. Be4 Qe5 31. Bd5+ Kg7 32. g3 Rg4 33. Qd1 Qf5 34. Qe2 Rf8 35. Kg2 Kg6 36. f4 Rxg3+ 37. Kxg3 Bxf4+ 38. Rxf4 Qxf4+ 39. Kg2 1-0

[Event "Moscow Aeroflot op"]
[Site "Moscow"]
[Date "2002.02.07"]
[Round "5"]
[White "Prokopchuk, Evgeny"]
[Black "Wojtkiewicz, Aleksander"]
[Result "1-0"]
[WhiteElo "2508"]
[BlackElo "2535"]
[PlyCount "120"]
[EventDate "2002.02.04"]
[EventType "swiss"]
[EventRounds "9"]
[EventCountry "RUS"]
[SourceTitle "CBM 088"]
[Source "ChessBase"]
[SourceDate "2002.03.21"]
[SourceVersion "1"]
[SourceVersionDate "2002.03.21"]
[SourceQuality "1"]

1. e4 c5 2. Nf3 g6 3. d4 Bg7 4. d5 Nf6 5. Nc3 d6 6. Be2 0-0 7. 0-0 e6 8. Nd2 exd5 9. exd5 Nbd7 10. Nc4 Nb6 11. Ne3 Bd7 12. a4 Rb8 13. a5 Nc8 14. Nc4 Ne8 15. Bf4 b5 16. axb6 axb6 17. Ne4 Qc7 18. Ra2 b5 19. Ne3 Nf6 20. Nxf6+ Bxf6 21. Bg4 Bg7 22. Bxd7 Qxd7 23. Qf3 Nb6 24. Qg3 Rfd8 25. b3 Ra8 26. Rxa8 Nxa8 27. c4 Nc7 28. b4 cxb4 29. c5 Nxd5 30. Nxd5 dxc5 31. Rd1 Qe6 32. Qf3 Bd4 33. Nc7 Qa2 34. Nxb5 Bxf2+ 35. Kh1 Rxd1+ 36. Qxd1 Bh4 37. Be5 Qc4 38. Nc7 Qe4 39. Bg3 Bf6 40. h3 Qd4 41. Qf3 Qa1+ 42. Kh2 Bd4 43. Bf2 b3 44. Bxd4 Qxd4 45. Qxb3 c4 46. Qb8+ Kg7 47. Nb5 Qd5 48. Nc3 Qd4 49. Qg3 h5 50. Ne2 Qe4 51. Qc3+ Kg8 52. Nd4 Qe5+ 53. Kh1 Qd5 54. Nf3 Qc5 55. Kh2 Qd6+ 56. Kg1 Qc5+ 57. Kf1 Qd5 58. Ne5 g5 59. Nxc4 Qf5+ 60. Ke2 Qe4+ 1-0

[Event "Kochan Memorial op"]
[Site "Koszalin"]
[Date "2001.08.08"]
[Round "5"]
[White "Gorin, Leonid"]
[Black "Prokopchuk, Evgeny"]
[Result "0-1"]
[WhiteElo "2438"]
[BlackElo "2508"]
[PlyCount "78"]
[EventDate "2001.08.03"]
[EventType "swiss"]
[EventRounds "10"]
[EventCountry "POL"]
[SourceTitle "EXT 2002"]
[Source "ChessBase"]
[SourceDate "2001.11.25"]
[SourceVersion "1"]
[SourceVersionDate "2001.11.25"]
[SourceQuality "1"]

1. e4 c5 2. Nf3 Nc6 3. d4 cxd4 4. Nxd4 Qc7 5. Nc3 e6 6. Nxc6 dxc6 7. Bd3 e5 8. 0-0 Nf6 9. Qe2 Be7 10. a4 0-0 11. h3 Nd7 12. Be3 Nc5 13. Bc4 Ne6 14. Rfd1 b6 15. Qf3 Rb8 16. Qe2 h6 17. Ba6 Bd7 18. Rd2 Bg5 19. Bxg5 hxg5 20. Qe3 Rbd8 21. Bc4 Nf4 22. Rad1 Bc8 23. Kh2 Qe7 24. Bf1 g6 25. Ne2 Ne6 26. Qc3 Rxd2 27. Rxd2 Nc5 28. Qb4 g4 29. hxg4 Bxg4 30. f3 Bc8 31. a5 Kg7 32. axb6 axb6 33. Kg1 Qg5 34. Kf2 Rh8 35. Ng3 Qh4 36. Qc3 Rh5 37. Rd8 Qxd8 38. Nxh5+ gxh5 39. Qxe5+ Qf6 0-1

[Event "Vantaa op"]
[Site "Vantaa"]
[Date "2001.??.??"]
[Round "4"]
[White "Prokopchuk, Evgeny"]
[Black "Kiik, Kalle"]
[Result "1/2-1/2"]
[WhiteElo "2508"]
[BlackElo "2450"]
[PlyCount "32"]
[EventDate "2001.??.??"]
[EventType "swiss"]
[EventRounds "5"]
[EventCountry "FIN"]
[SourceTitle "EXT 2002"]
[Source "ChessBase"]
[SourceDate "2001.11.25"]
[SourceVersion "1"]
[SourceVersionDate "2001.11.25"]
[SourceQuality "1"]

1. e4 g6 2. d4 Bg7 3. Nf3 c5 4. d5 d6 5. Be2 Nf6 6. Nc3 0-0 7. 0-0 Na6 8. h3 Nc7 9. a4 b6 10. Bf4 Bb7 11. Bc4 a6 12. Qe2 e5 13. dxe6 Nxe6 14. Bh2 Nd4 15. Qd3 Nxe4 16. Nxd4 Nxc3 1/2-1/2

[Event "Geller Memorial op"]
[Site "Moscow"]
[Date "2001.??.??"]
[Round "1"]
[White "Prokopchuk, Evgeny"]
[Black "Kovalevskaya, Ekaterina"]
[Result "0-1"]
[WhiteElo "2508"]
[BlackElo "2486"]
[PlyCount "80"]
[EventDate "2001.10.26"]
[EventType "swiss"]
[EventRounds "9"]
[EventCountry "RUS"]
[SourceTitle "EXT 2002"]
[Source "ChessBase"]
[SourceDate "2001.11.25"]
[SourceVersion "1"]
[SourceVersionDate "2001.11.25"]
[SourceQuality "1"]

1. d4 Nf6 2. Bg5 d5 3. Nd2 Nbd7 4. e3 g6 5. f4 Bg7 6. Ngf3 c5 7. c3 Qb6 8. Rb1 Ng4 9. Qe2 0-0 10. h3 Nh6 11. g4 f6 12. Bxh6 Bxh6 13. Bg2 Qe6 14. c4 dxc4 15. Qxc4 Qxc4 16. Nxc4 Nb6 17. Na5 cxd4 18. Nxd4 e5 19. Ne2 Be6 20. Bxb7 Rad8 21. Nc3 exf4 22. e4 f3 23. 0-0 Rd3 24. Rbd1 Rxd1 25. Rxd1 Be3+ 26. Kh2 Bf4+ 27. Kg1 Bc7 28. Kf2 Nd7 29. Nc6 Ne5 30. Ne7+ Kg7 31. Ned5 Bd8 32. Ne3 Bb6 33. Bd5 Bd7 34. a3 h5 35. gxh5 f5 36. exf5 gxf5 37. Bxf3 f4 38. Rg1+ Kh8 39. Ke2 fxe3 40. Rg3 Be6 0-1

[Event "Vantaa op"]
[Site "Vantaa"]
[Date "2001.??.??"]
[Round "2"]
[White "Prokopchuk, Evgeny"]
[Black "Lindqvist, Tor Erik"]
[Result "1-0"]
[WhiteElo "2508"]
[BlackElo "2232"]
[PlyCount "89"]
[EventDate "2001.??.??"]
[EventType "swiss"]
[EventRounds "5"]
[EventCountry "FIN"]
[SourceTitle "EXT 2002"]
[Source "ChessBase"]
[SourceDate "2001.11.25"]
[SourceVersion "1"]
[SourceVersionDate "2001.11.25"]
[SourceQuality "1"]

1. d4 d5 2. Nf3 c6 3. g3 Nf6 4. Bg2 Bf5 5. 0-0 h6 6. c4 e6 7. Nc3 Nbd7 8. Qb3 Qb6 9. c5 Qxb3 10. axb3 a6 11. b4 Rc8 12. h3 Be7 13. Bf4 0-0 14. g4 Bh7 15. Nd2 Bd8 16. Bd6 Re8 17. f4 Bc7 18. Bxc7 Rxc7 19. Kh2 Re7 20. Rae1 Rc8 21. Bf3 Rf8 22. g5 hxg5 23. fxg5 Ne8 24. e4 dxe4 25. Ndxe4 Bxe4 26. Nxe4 g6 27. h4 Kg7 28. Kg3 Rh8 29. Re2 Nb8 30. Ref2 Rf8 31. h5 gxh5 32. Bxh5 Kg8 33. Nd6 Nxd6 34. cxd6 Rd7 35. Rf6 Rxd6 36. Bxf7+ Rxf7 37. Rxf7 Nd7 38. R1f4 Rd5 39. Kh4 e5 40. R4f5 Rxd4+ 41. Kh5 Rd1 42. Kh6 Rd6+ 43. g6 Rd1 44. Rg7+ Kh8 45. Rxd7 1-0